000 00310 a2200157 4500
001 177448
020 _a
040 _cMagnum
100 _aSiguemoto,regina
240 1 0 _aQue enrosco
_lpor
245 1 0 _aQue enrosco
362 0 _a1899
440 1 _aPaulinas
697 _aMAGNITO: I/POESIA
942 _cBK
999 _c177448
_d177448